000 00705nam a2200217 i 4500
001 129427
003 ES-MaACL
005 20230906193511.0
007 t|
008 070614s1933 fr ||||1| fre d
100 1 _aThesing, Curt.
_9109910
245 1 3 _aLa sexualité dans l'univers /
_cCurt Thesing ; traduction originale de l'allemand par Decourdemanche.
260 _aParis :
_bMontaigne,
_c[1933] (
_fChautenay)
300 _a233 p. ;
_c19 cm.
490 1 _aCollection d'études sexologiques
650 4 _aSexualidad.
_917078
700 1 _aDecour, Jacques (
_d1910-1942)
_9164385
830 0 _aCollection d'études sexologiques
_9219340
852 _aES-MaACL
_jA-2727
999 _c129427
_d129427